| 000 | 00689cam a22001815a 4500 | ||
|---|---|---|---|
| 001 | L155944 | ||
| 008 | 120423s1858 xxk f 000 0 eng d | ||
| 035 | _a(Sirsi) u155944 | ||
| 041 | 0 | _aeng | |
| 110 | 2 | _aChristie and Manson | |
| 245 | 0 | 0 |
_aCatalogue of the magnificent collection of works of art and vertu _cformed by Mr. David Falcke ... which will be sold by auction by Messrs. Christie and Manson ... St. James's Square ... April 19, 1858 |
| 260 |
_aLondon _bPrinted by W. Clowes and sons _c1858 |
||
| 300 |
_a208 p., plates _c24 cm. |
||
| 583 |
_aCondition reviewed _c20120620 _lcondition level 2 |
||
| 651 | 4 |
_aGreat Britain _y1707- |
|
| 690 |
_aAuctioneering _96218 |
||
| 942 | _n0 | ||
| 999 |
_c113932 _d113932 |
||